| 000 | 00550nam a22001577a 4500 | ||
|---|---|---|---|
| 003 | OSt | ||
| 008 | 260508b |||||||| |||| 00| 0 eng d | ||
| 020 | _a9789364408417 | ||
| 082 |
_a632.9 _bB21P |
||
| 245 | _aPrinciples of Integrated Pest and Disease Management / by Arghya Banerjee...[et al.] | ||
| 260 |
_aLudhiana : _bKalyani Publishers ; _c2025 |
||
| 300 | _aMisc. | ||
| 650 | _aTechnology (Applied Sciences) | Agriculture and Related Technologies | Integrated Pest Management | Pest Control | ||
| 700 | _aBanerjee, Arghya | ||
| 942 |
_2ddc _cBK |
||
| 999 |
_c50517 _d50517 |
||